00325nam a2200133Ia 4500003000400000008004100004040001600045082001300061100001600074245003400090260004100124300000900165650001700174GCL140319s9999 xx 000 0 eng d aGCL / cGCL04a720bT P1 aTOY, MAGGIE10aTHE PERIPHERY / cTOY, MAGGIE a[S.N] : bACADEMY EDITIONS ، c1994 a96 P04aARCHITECTURE